[Event "Klatovy op-B 24th"]
[Site "Klatovy"]
[Date "2018.07.04"]
[Round "5"]
[White "Nova, Michaela"]
[Black "Safarova, Magdalena"]
[Result "1/2-1/2"]
[WhiteElo "1000"]
[BlackElo "1172"]
[PlyCount "46"]
[EventDate "2018.06.30"]
[EventType "swiss"]
[EventRounds "9"]
[EventCountry "CZE"]
[SourceTitle "CBM 185 Extra"]
[Source "ChessBase"]
[SourceDate "2018.07.29"]
[SourceVersion "1"]
[SourceVersionDate "2018.07.29"]
[SourceQuality "1"]

1. e4 d5 2. exd5 Nf6 3. Nc3 Nxd5 4. Nxd5 Qxd5 5. Nf3 Nc6 6. d3 Bg4 7. h3 Bh5 8. g4 Qe6+ 9. Be3 Bxg4 10. hxg4 Qxg4 11. Be2 Qg2 12. Rh5 g6 13. Rc5 Qh1+ 14. Kd2 Qxd1+ 15. Rxd1 e6 16. Rg5 Bb4+ 17. c3 Be7 18. Ne5 Nxe5 19. Rxe5 0-0-0 20. Bxa7 Bf6 21. Rb5 h5 22. Bf3 b6 23. Re1 Kd7 1/2-1/2

[Event "Klatovy op-B 24th"]
[Site "Klatovy"]
[Date "2018.06.30"]
[Round "1"]
[White "Chmelik, Benedikt"]
[Black "Nova, Michaela"]
[Result "1-0"]
[WhiteElo "1475"]
[BlackElo "1000"]
[PlyCount "35"]
[EventDate "2018.06.30"]
[EventType "swiss"]
[EventRounds "9"]
[EventCountry "CZE"]
[SourceTitle "CBM 185 Extra"]
[Source "ChessBase"]
[SourceDate "2018.07.29"]
[SourceVersion "1"]
[SourceVersionDate "2018.07.29"]
[SourceQuality "1"]

1. e4 e5 2. Nf3 Nc6 3. Bb5 a6 4. Ba4 Nf6 5. 0-0 Nxe4 6. Re1 d5 7. d3 Bf5 8. dxe4 Bg6 9. Nxe5 Bc5 10. Nxc6 Qf6 11. exd5+ Kd7 12. Be3 Bd6 13. Nc3 Qh4 14. h3 Bh5 15. Qd4 Bg4 16. Qxg4+ Qxg4 17. hxg4 h5 18. Nd4+ 1-0

[Event "CZE-ch blitz (Women)"]
[Site "Prague"]
[Date "2017.12.30"]
[Round "7"]
[White "Nova, Michaela"]
[Black "Petrova, Kristyna"]
[Result "0-1"]
[WhiteElo "1902"]
[BlackElo "2256"]
[PlyCount "68"]
[EventDate "2017.12.30"]
[EventType "swiss (blitz)"]
[EventRounds "15"]
[EventCountry "CZE"]
[SourceTitle "CBM 182 Extra"]
[Source "ChessBase"]
[SourceDate "2018.02.23"]
[SourceVersion "1"]
[SourceVersionDate "2018.02.23"]
[SourceQuality "1"]

1. e4 c5 2. Nf3 Nc6 3. c4 d6 4. d4 cxd4 5. Nxd4 Nf6 6. Nc3 g6 7. Be2 Bg7 8. Be3 0-0 9. 0-0 Bd7 10. f3 a5 11. Qd2 a4 12. Rac1 Qa5 13. Rfd1 Rfc8 14. Nxc6 bxc6 15. f4 Ng4 16. Bd4 Bxd4+ 17. Qxd4 Qa7 18. h3 Nf6 19. e5 Qxd4+ 20. Rxd4 Ne8 21. Rcd1 Be6 22. Ne4 Rcb8 23. R1d2 c5 24. R4d3 Bxc4 25. Rc3 Bxa2 26. exd6 exd6 27. Nxd6 Nxd6 28. Rxd6 Rxb2 29. Bf3 Rc8 30. Ra6 Bb3 31. Kh2 Rc2 32. Rxc2 Bxc2 33. Bd5 Bb3 34. Bxb3 axb3 0-1

[Event "Pardubice Czech op-B 28th"]
[Site "Pardubice"]
[Date "2017.07.21"]
[Round "1"]
[White "Okun, Evgeny"]
[Black "Nova, Michaela"]
[Result "1-0"]
[WhiteElo "2144"]
[BlackElo "1891"]
[PlyCount "66"]
[EventDate "2017.07.21"]
[EventType "swiss"]
[EventRounds "9"]
[EventCountry "CZE"]
[SourceTitle "CBM 179 Extra"]
[Source "ChessBase"]
[SourceDate "2017.08.23"]
[SourceVersion "1"]
[SourceVersionDate "2017.08.23"]
[SourceQuality "1"]

1. g3 g6 2. Bg2 Bg7 3. e4 c5 4. Nf3 d6 5. d4 cxd4 6. Nxd4 Nf6 7. 0-0 0-0 8. Nc3 Nc6 9. Nde2 a6 10. a4 e5 11. b3 Qc7 12. Bg5 Nb4 13. Qd2 Be6 14. Rac1 Rfd8 15. Rfd1 Rac8 16. h3 Rb8 17. Kh2 b5 18. Nxb5 axb5 19. Qxb4 bxa4 20. Qxa4 h6 21. Be3 d5 22. exd5 Nxd5 23. Qa7 Qc8 24. c4 Nxe3 25. Qxe3 Bd7 26. c5 Be6 27. Rxd8+ Qxd8 28. c6 Qc7 29. Rc3 f5 30. Nf4 Bf7 31. Nd5 Bxd5 32. Bxd5+ Kh7 33. Rc4 e4 1-0

[Event "CZE-chT U18 Extraliga final-A 1617"]
[Site "Czech Republic"]
[Date "2017.04.23"]
[Round "11.5"]
[White "Nova, Michaela"]
[Black "Lhotsky, Zdenek"]
[Result "0-1"]
[WhiteElo "1897"]
[BlackElo "1819"]
[PlyCount "96"]
[EventDate "2016.10.01"]
[EventType "team-tourn"]
[EventRounds "11"]
[EventCountry "CZE"]
[SourceTitle "EXT 2022"]
[Source "ChessBase"]
[SourceDate "2021.10.06"]
[SourceVersion "1"]
[SourceVersionDate "2021.10.06"]
[SourceQuality "1"]
[WhiteTeam "Polabiny U18"]
[BlackTeam "Praha Oaza U18"]
[WhiteTeamCountry "CZE"]
[BlackTeamCountry "CZE"]

1. e4 c5 2. Nf3 e6 3. c4 Nc6 4. Nc3 Nf6 5. Be2 d5 6. cxd5 exd5 7. exd5 Nxd5 8. 0-0 Be7 9. Bb5 0-0 10. d4 cxd4 11. Nxd4 Nxc3 12. bxc3 Nxd4 13. cxd4 Qb6 14. Qd3 Rd8 15. Be3 Qd6 16. Rfd1 Be6 17. Rd2 Rac8 18. Rad1 Bd5 19. Rc2 Qe6 20. Re2 Qg4 21. f4 Bf3 22. h3 Bxe2 23. Qd2 Qh5 24. Bxe2 Qg6 25. Bd3 Qd6 26. d5 Qa3 27. Bf5 Bc5 28. Bd4 Bxd4+ 29. Qxd4 Rc1 30. Rxc1 Qxc1+ 31. Kh2 Qa3 32. Qe4 Qd6 33. Bxh7+ Kh8 34. Bf5 Qxd5 35. Qe1 Kg8 36. Qh4 g6 37. Be4 Qd2 38. f5 g5 39. Qh5 Qf4+ 40. Kg1 Rc8 41. Bf3 Qe3+ 42. Kh2 Qf4+ 43. Kg1 Rc1+ 44. Bd1 Qd4+ 45. Kh2 Rxd1 46. Qxg5+ Kf8 47. Qh6+ Ke7 48. Qg5+ Kd7 0-1

[Event "CZE-chT U18 Extraliga final-A 1617"]
[Site "Czech Republic"]
[Date "2017.04.22"]
[Round "10.5"]
[White "Simet, Martin"]
[Black "Nova, Michaela"]
[Result "1-0"]
[WhiteElo "2098"]
[BlackElo "1897"]
[PlyCount "39"]
[EventDate "2016.10.01"]
[EventType "team-tourn"]
[EventRounds "11"]
[EventCountry "CZE"]
[SourceTitle "EXT 2022"]
[Source "ChessBase"]
[SourceDate "2021.10.06"]
[SourceVersion "1"]
[SourceVersionDate "2021.10.06"]
[SourceQuality "1"]
[WhiteTeam "Klatovy U18"]
[BlackTeam "Polabiny U18"]
[WhiteTeamCountry "CZE"]
[BlackTeamCountry "CZE"]

1. e4 e6 2. d4 d5 3. e5 c5 4. c3 Nc6 5. Nf3 Nge7 6. a3 cxd4 7. cxd4 Qb6 8. b4 Nf5 9. Be3 Nxe3 10. fxe3 a6 11. Bd3 Be7 12. h4 0-0 13. Bxh7+ Kh8 14. Bc2 f5 15. Ng5 g6 16. h5 Nxe5 17. hxg6+ Kg7 18. Rh7+ Kxg6 19. Qh5+ Kf6 20. Qh6+ 1-0

[Event "CZE-chT U18 Extraliga Ost 1617"]
[Site "Czech Republic"]
[Date "2017.01.21"]
[Round "7.6"]
[White "Nova, Michaela"]
[Black "Svanda, Adam"]
[Result "1-0"]
[WhiteElo "1897"]
[BlackElo "1617"]
[PlyCount "49"]
[EventDate "2016.10.01"]
[EventType "team-tourn"]
[EventRounds "11"]
[EventCountry "CZE"]
[SourceTitle "EXT 2022"]
[Source "ChessBase"]
[SourceDate "2021.10.06"]
[SourceVersion "1"]
[SourceVersionDate "2021.10.06"]
[SourceQuality "1"]
[WhiteTeam "Polabiny U18"]
[BlackTeam "Policka Stefanydes U18"]
[WhiteTeamCountry "CZE"]
[BlackTeamCountry "CZE"]

1. d4 Nf6 2. Nf3 d5 3. c4 c6 4. Nc3 e6 5. e3 Nbd7 6. cxd5 exd5 7. Bd3 Bb4 8. a3 Bd6 9. 0-0 0-0 10. Re1 Re8 11. Qc2 h6 12. b4 a6 13. Bb2 Nf8 14. Rad1 Bg4 15. Be2 Bxf3 16. Bxf3 Ne6 17. g3 Ng5 18. Bg2 Nfe4 19. Nxe4 dxe4 20. d5 Rc8 21. Qe2 Qd7 22. h4 Nh7 23. Kh2 Qe7 24. Qg4 Be5 25. d6 1-0

[Event "CZE-chT U18 Extraliga final-A 1516"]
[Site "Czech Republic"]
[Date "2016.04.24"]
[Round "11.3"]
[White "Eret, Jonas"]
[Black "Nova, Michaela"]
[Result "1-0"]
[WhiteElo "2080"]
[BlackElo "2060"]
[PlyCount "49"]
[EventDate "2015.10.03"]
[EventType "team-tourn"]
[EventRounds "11"]
[EventCountry "CZE"]
[SourceTitle "EXT 2022"]
[Source "ChessBase"]
[SourceDate "2021.10.06"]
[SourceVersion "1"]
[SourceVersionDate "2021.10.06"]
[SourceQuality "1"]
[WhiteTeam "Klatovy U18"]
[BlackTeam "Polabiny U18"]
[WhiteTeamCountry "CZE"]
[BlackTeamCountry "CZE"]

1. d4 Nf6 2. Nf3 g6 3. Bf4 Bg7 4. e3 d6 5. h3 Nbd7 6. Be2 0-0 7. 0-0 Qe8 8. c3 e5 9. Bh2 Ne4 10. Nbd2 Nxd2 11. Qxd2 e4 12. Ne1 Qe7 13. Nc2 f5 14. b4 Qf6 15. b5 g5 16. Nb4 Nb6 17. f3 Qg6 18. fxe4 fxe4 19. Rxf8+ Bxf8 20. c4 Be6 21. Rc1 Rd8 22. Nd5 Qg7 23. Qa5 Nxd5 24. cxd5 Bxd5 25. Rxc7 1-0

[Event "CZE-chT U18 Extraliga Ost 1516"]
[Site "Czech Republic"]
[Date "2016.01.23"]
[Round "7.3"]
[White "Koukal, Ondrej"]
[Black "Nova, Michaela"]
[Result "0-1"]
[WhiteElo "1540"]
[BlackElo "2060"]
[PlyCount "90"]
[EventDate "2015.10.03"]
[EventType "team-tourn"]
[EventRounds "11"]
[EventCountry "CZE"]
[SourceTitle "EXT 2022"]
[Source "ChessBase"]
[SourceDate "2021.10.06"]
[SourceVersion "1"]
[SourceVersionDate "2021.10.06"]
[SourceQuality "1"]
[WhiteTeam "Brno Duras U18"]
[BlackTeam "Polabiny U18"]
[WhiteTeamCountry "CZE"]
[BlackTeamCountry "CZE"]

1. d4 Nf6 2. Bg5 g6 3. Bxf6 exf6 4. Nf3 Bg7 5. e3 0-0 6. Nbd2 d5 7. h3 f5 8. c4 c6 9. Be2 Nd7 10. 0-0 Nf6 11. cxd5 cxd5 12. Rc1 Be6 13. Nb3 Ne4 14. Nc5 Nxc5 15. Rxc5 b6 16. Rc2 Rc8 17. Ba6 Rxc2 18. Qxc2 g5 19. Rc1 g4 20. hxg4 fxg4 21. Nd2 Qg5 22. Qc7 Bxd4 23. exd4 Qxd2 24. Qc3 Qg5 25. Re1 Kh8 26. Re3 Qg6 27. Qd2 g3 28. Bd3 gxf2+ 29. Kf1 f5 30. Qe2 Bc8 31. Re7 Qf6 32. Re8 Kg7 33. Re7+ Rf7 34. Rxf7+ Kxf7 35. Qxf2 Qg5 36. Kg1 h6 37. a3 Be6 38. Bb5 Kf6 39. Bf1 h5 40. Qe1 f4 41. Bd3 h4 42. Be2 h3 43. Bf3 hxg2 44. Qf2 Bg4 45. Bxg2 Bh3 0-1

[Event "CZE-ch U18/20 Girls"]
[Site "Doksy"]
[Date "2015.11.25"]
[Round "7"]
[White "Beluska, Tereza"]
[Black "Nova, Michaela"]
[Result "1-0"]
[WhiteElo "1960"]
[BlackElo "1992"]
[PlyCount "75"]
[EventDate "2015.11.14"]
[EventType "swiss"]
[EventRounds "9"]
[EventCountry "CZE"]
[SourceTitle "EXT 2022"]
[Source "ChessBase"]
[SourceDate "2021.10.06"]
[SourceVersion "1"]
[SourceVersionDate "2021.10.06"]
[SourceQuality "1"]

1. e4 e6 2. d4 d5 3. e5 c5 4. c3 Nc6 5. Nf3 Bd7 6. Be2 Rc8 7. 0-0 cxd4 8. cxd4 Qb6 9. a3 Nge7 10. b4 Nf5 11. Bb2 Na5 12. Nbd2 Nc4 13. Nxc4 dxc4 14. Rc1 Qa6 15. Nd2 Ba4 16. Qe1 b5 17. g4 Ne7 18. Ne4 Nd5 19. Nc5 Bxc5 20. dxc5 0-0 21. f4 Ne3 22. Rf2 Rfd8 23. Bf3 Nd5 24. Be4 Qc6 25. Rd2 Qe8 26. Qh4 h6 27. Bxd5 Rxd5 28. Rxd5 exd5 29. Bd4 Qd8 30. Qxd8+ Rxd8 31. f5 Kf8 32. Kf2 Ke7 33. Ke3 a6 34. Kd2 Kd7 35. Re1 Rg8 36. e6+ Ke7 37. exf7+ Kxf7 38. Re6 1-0

[Event "CZE-ch U18/20 Girls"]
[Site "Doksy"]
[Date "2015.11.18"]
[Round "6"]
[White "Nova, Michaela"]
[Black "Suchomelova, Simona"]
[Result "1-0"]
[WhiteElo "1992"]
[BlackElo "1921"]
[PlyCount "69"]
[EventDate "2015.11.14"]
[EventType "swiss"]
[EventRounds "9"]
[EventCountry "CZE"]
[SourceTitle "EXT 2022"]
[Source "ChessBase"]
[SourceDate "2021.10.06"]
[SourceVersion "1"]
[SourceVersionDate "2021.10.06"]
[SourceQuality "1"]

1. e4 c5 2. Nf3 Nc6 3. c4 e5 4. Nc3 g6 5. a3 Bg7 6. b4 b6 7. Be2 Nge7 8. Nd5 0-0 9. bxc5 bxc5 10. 0-0 d6 11. d3 f5 12. Rb1 Nxd5 13. cxd5 Nd4 14. Nd2 f4 15. f3 g5 16. Nc4 Rf6 17. Kf2 Rg6 18. h3 h5 19. Rh1 g4 20. hxg4 hxg4 21. Bb2 Bf6 22. Bxd4 Bh4+ 23. Kf1 cxd4 24. Qa4 gxf3 25. Bxf3 Bg4 26. Bxg4 Rxg4 27. Qc6 f3 28. gxf3 Qf8 29. Nxe5 Re8 30. Qxe8 Qxe8 31. Nxg4 Be7 32. Nh6+ Kg7 33. Nf5+ Kf6 34. Rh6+ Kg5 35. Ke2 1-0

[Event "Ricany op"]
[Site "Ricany"]
[Date "2015.08.25"]
[Round "5"]
[White "Skacel, Jan"]
[Black "Nova, Michaela"]
[Result "1/2-1/2"]
[WhiteElo "2051"]
[BlackElo "1828"]
[PlyCount "60"]
[EventDate "2015.08.22"]
[EventType "swiss"]
[EventRounds "9"]
[EventCountry "CZE"]
[SourceTitle "EXT 2023"]
[Source "ChessBase"]
[SourceDate "2022.10.05"]
[SourceVersion "1"]
[SourceVersionDate "2022.10.05"]
[SourceQuality "1"]

1. Nf3 Nf6 2. g3 g6 3. Bg2 Bg7 4. 0-0 0-0 5. d4 d5 6. c4 e6 7. Nc3 dxc4 8. Qa4 a6 9. Qxc4 b5 10. Qb3 Bb7 11. a4 Nbd7 12. axb5 c6 13. bxc6 Bxc6 14. Bf4 Qe7 15. Ne5 Bxg2 16. Kxg2 Rab8 17. Qc2 Nxe5 18. Bxe5 Qb7+ 19. Kg1 Qxb2 20. Qd3 Rbc8 21. Na4 Qb5 22. Qf3 Nd7 23. Bxg7 Kxg7 24. Rfb1 Qc6 25. Qxc6 Rxc6 26. Rb7 Rd6 27. e3 Rb8 28. Ra7 e5 29. Nc5 Nxc5 30. dxc5 Rc6 1/2-1/2

[Event "Ricany op"]
[Site "Ricany"]
[Date "2015.08.23"]
[Round "2"]
[White "Nova, Michaela"]
[Black "Splichal, Petr"]
[Result "1-0"]
[WhiteElo "1828"]
[BlackElo "2009"]
[PlyCount "113"]
[EventDate "2015.08.22"]
[EventType "swiss"]
[EventRounds "9"]
[EventCountry "CZE"]
[SourceTitle "EXT 2023"]
[Source "ChessBase"]
[SourceDate "2022.10.05"]
[SourceVersion "1"]
[SourceVersionDate "2022.10.05"]
[SourceQuality "1"]

1. f4 e6 2. Nf3 d5 3. e3 Nf6 4. Be2 c5 5. d4 Nc6 6. 0-0 Be7 7. c3 0-0 8. Ne5 Ne4 9. Nd2 f5 10. Ndf3 g5 11. Nxc6 bxc6 12. Nxg5 Nxg5 13. fxg5 Bxg5 14. Bd2 Rb8 15. b4 c4 16. Qc1 Rb7 17. Be1 Rg7 18. Bg3 Bd7 19. Bd6 Be7 20. Bf4 Bg5 21. Rf3 Be8 22. Rg3 Qe7 23. Qf1 Bh4 24. Rxg7+ Qxg7 25. Qf3 Kh8 26. Kh1 Rg8 27. Rg1 Bf6 28. Qh3 Bg6 29. Bf3 e5 30. Bg3 e4 31. Be2 Qe7 32. Bf4 Bg5 33. Be5+ Bf6 34. Bf4 Bg5 35. Qg3 Bxf4 36. Qxf4 Rf8 37. Rf1 Kg8 38. h4 Qf7 39. Qg3 Kh8 40. Qh3 h5 41. Rf4 Qg7 42. Qg3 Rf6 43. Qe1 Bf7 44. Qf1 Bg6 45. Kg1 Qh6 46. Kf2 Bf7 47. Ke1 Qg6 48. Qf2 Kh7 49. Kd2 Be6 50. g4 hxg4 51. Bxg4 Kg7 52. Bd1 Kf8 53. Qh2 Rf7 54. Rf2 Rg7 55. Qb8+ Qe8 56. Qd6+ Kf7 57. Bh5+ 1-0

[Event "CZE/SVK-chT (Women)"]
[Site "Ricany"]
[Date "2015.06.30"]
[Round "6"]
[White "Nova, Michaela"]
[Black "Suchomelova, Simona"]
[Result "1/2-1/2"]
[WhiteElo "1828"]
[BlackElo "2059"]
[PlyCount "114"]
[EventDate "2015.06.27"]
[EventType "team-tourn"]
[EventRounds "7"]
[EventCountry "CZE"]
[SourceTitle "EXT 2017"]
[Source "ChessBase"]
[SourceDate "2016.10.25"]
[SourceVersion "1"]
[SourceVersionDate "2016.10.25"]
[SourceQuality "1"]

1. e4 c5 2. Nf3 d6 3. Bb5+ Bd7 4. Bxd7+ Qxd7 5. c4 Nc6 6. d4 cxd4 7. Nxd4 Nf6 8. Nc3 g6 9. f3 Bg7 10. Be3 0-0 11. 0-0 Rfd8 12. Qd2 Rac8 13. b3 e6 14. Rac1 d5 15. Nxc6 bxc6 16. cxd5 cxd5 17. exd5 exd5 18. Ne2 Qb7 19. Rxc8 Rxc8 20. Rd1 a6 21. Nf4 Rd8 22. Bd4 Ne8 23. Bxg7 Kxg7 24. Qd4+ Kg8 25. Nxd5 Rd6 26. Qe5 Re6 27. Qb2 Rd6 28. Ne3 Qb6 29. Qf2 Rxd1+ 30. Nxd1 Qd6 31. Qe2 Nf6 32. Ne3 Qd4 33. Qf2 Qa1+ 34. Nf1 Kg7 35. g3 Nd5 36. Qd2 Nc3 37. a4 Nd1 38. Kg2 Qb1 39. Ne3 Nxe3+ 40. Qxe3 Qc2+ 41. Kh3 Qc8+ 42. g4 h5 43. Kg3 hxg4 44. fxg4 Qb8+ 45. Kg2 Qb7+ 46. Qf3 Qd7 47. h4 Qd2+ 48. Kh3 Qe1 49. h5 a5 50. Kh2 Qd2+ 51. Kg3 Qe1+ 52. Kh3 Qd2 53. hxg6 Kxg6 54. Kg3 Qe1+ 55. Kf4 Qc1+ 56. Ke4 Qc6+ 57. Ke3 Qc5+ 1/2-1/2

[Event "CZE/SVK-chT (Women)"]
[Site "Ricany"]
[Date "2015.06.29"]
[Round "4"]
[White "Nova, Michaela"]
[Black "Marikova, Jana"]
[Result "0-1"]
[WhiteElo "1828"]
[BlackElo "2164"]
[PlyCount "46"]
[EventDate "2015.06.27"]
[EventType "team-tourn"]
[EventRounds "7"]
[EventCountry "CZE"]
[SourceTitle "EXT 2017"]
[Source "ChessBase"]
[SourceDate "2016.10.25"]
[SourceVersion "1"]
[SourceVersionDate "2016.10.25"]
[SourceQuality "1"]

1. e4 c5 2. Nf3 d6 3. c4 e5 4. Nc3 g6 5. a3 a5 6. Bd3 Bg7 7. Bc2 Ne7 8. 0-0 0-0 9. d3 Nbc6 10. Ne1 f5 11. f4 Nd4 12. Nd5 Nxd5 13. exd5 b5 14. fxe5 dxe5 15. b3 a4 16. b4 Ba6 17. Be3 bxc4 18. bxc5 Qxd5 19. Bxa4 cxd3 20. Nf3 Ne2+ 21. Kh1 e4 22. Nd2 Kh8 23. Bb3 Qc6 0-1

[Event "CZE-chT U20 Extraliga final-A 1415"]
[Site "Czech Republic"]
[Date "2015.04.25"]
[Round "9.6"]
[White "Sejak, Michal"]
[Black "Nova, Michaela"]
[Result "1/2-1/2"]
[WhiteElo "1659"]
[BlackElo "1706"]
[PlyCount "111"]
[EventDate "2014.10.11"]
[EventType "team-tourn"]
[EventRounds "11"]
[EventCountry "CZE"]
[SourceTitle "EXT 2021"]
[Source "ChessBase"]
[SourceDate "2020.10.23"]
[SourceVersion "1"]
[SourceVersionDate "2020.10.23"]
[SourceQuality "1"]
[WhiteTeam "Klatovy (U20)"]
[BlackTeam "Polabiny (U20)"]
[WhiteTeamCountry "CZE"]
[BlackTeamCountry "CZE"]

1. e4 c5 2. Nf3 d6 3. d4 cxd4 4. Nxd4 Nf6 5. Nc3 a6 6. Bg5 e6 7. f4 Qb6 8. Qd2 Nc6 9. 0-0-0 Qxd4 10. Qxd4 Nxd4 11. Rxd4 Be7 12. Be2 h6 13. Bh4 Bd7 14. Bf3 g5 15. fxg5 Nh7 16. Kb1 hxg5 17. Bg3 e5 18. Rd3 Nf6 19. Rhd1 g4 20. Be2 Bc6 21. Re3 Rd8 22. Bc4 Bf8 23. Nd5 Nxd5 24. Bxd5 Ke7 25. Bxc6 bxc6 26. Rb3 Rc8 27. Rb6 Ke6 28. Rxa6 f5 29. exf5+ Kxf5 30. Rf1+ Ke6 31. c4 Rh7 32. a4 Rf7 33. Rxf7 Kxf7 34. c5 Ke6 35. cxd6 Bxd6 36. Kc2 Kd5 37. Ra7 Bc7 38. Kc3 Kc5 39. b4+ Kd5 40. a5 Bd8 41. Rg7 c5 42. Rxg4 cxb4+ 43. Kxb4 e4 44. a6 e3 45. a7 e2 46. Rg6 Bc7 47. Be1 Ra8 48. Ra6 Bxh2 49. Ra2 Bg1 50. Rd2+ Ke4 51. Rxe2+ Kd3 52. Bf2 Kxe2 53. Bxg1 Kf1 54. Bb6 Kxg2 55. Kb5 Rxa7 56. Bxa7 1/2-1/2

[Event "CZE-ch U16 Girls"]
[Site "Kouty nad Desnou"]
[Date "2015.03.13"]
[Round "8"]
[White "Nova, Michaela"]
[Black "Hartingerova, Martina"]
[Result "1/2-1/2"]
[WhiteElo "1916"]
[BlackElo "1609"]
[PlyCount "133"]
[EventDate "2015.03.07"]
[EventType "swiss"]
[EventRounds "9"]
[EventCountry "CZE"]
[SourceTitle "EXT 2017"]
[Source "ChessBase"]
[SourceDate "2016.10.25"]
[SourceVersion "1"]
[SourceVersionDate "2016.10.25"]
[SourceQuality "1"]

1. d4 c6 2. c4 d5 3. Nc3 g6 4. cxd5 cxd5 5. Nf3 Bg7 6. Bf4 Nc6 7. e3 a6 8. Be2 Nf6 9. 0-0 Nh5 10. Bg3 Nxg3 11. hxg3 0-0 12. Qb3 e6 13. a4 Qc7 14. Rac1 Rd8 15. Rfd1 Na5 16. Qc2 Bd7 17. b4 Nc4 18. Bxc4 dxc4 19. a5 Bb5 20. Na4 Rd6 21. Nd2 Bxa4 22. Qxa4 Rc6 23. Ne4 b5 24. axb6 Qxb6 25. Nc5 Qb5 26. Qc2 Qxb4 27. Ra1 Qb6 28. Rdb1 Qd8 29. Qxc4 Qc8 30. Qb3 Rxc5 31. dxc5 Bxa1 32. Rxa1 Qxc5 33. Qb7 Qa7 34. Qe4 a5 35. Ra4 Rd8 36. g4 Qc7 37. g3 Rd5 38. Kg2 h5 39. gxh5 Rxh5 40. Rc4 Qe5 41. Qxe5 Rxe5 42. Rc8+ Kg7 43. Ra8 g5 44. g4 Kg6 45. Ra6 Rb5 46. Kf3 Kf6 47. Ra7 Rc5 48. Kg3 Kg6 49. Ra6 Re5 50. Kf3 f5 51. Ra8 fxg4+ 52. Kxg4 Re4+ 53. Kf3 Ra4 54. Rf8 Kg7 55. Rc8 Ra2 56. Rc5 Kf6 57. Kg4 Ra4+ 58. f4 gxf4 59. exf4 Ra1 60. Kf3 a4 61. Ra5 a3 62. Kg2 Ke7 63. f5 exf5 64. Rxf5 Kd6 65. Rb5 Kc6 66. Rb8 a2 67. Ra8 1/2-1/2

[Event "CZE-ch U16 Girls"]
[Site "Kouty nad Desnou"]
[Date "2015.03.10"]
[Round "4"]
[White "Nova, Michaela"]
[Black "Zlamana, Anna"]
[Result "1-0"]
[WhiteElo "1916"]
[BlackElo "1940"]
[PlyCount "103"]
[EventDate "2015.03.07"]
[EventType "swiss"]
[EventRounds "9"]
[EventCountry "CZE"]
[SourceTitle "EXT 2017"]
[Source "ChessBase"]
[SourceDate "2016.10.25"]
[SourceVersion "1"]
[SourceVersionDate "2016.10.25"]
[SourceQuality "1"]

1. d4 d5 2. Nf3 Nf6 3. c4 e6 4. Nc3 Be7 5. Bg5 Nbd7 6. e3 c6 7. Bd3 0-0 8. 0-0 h6 9. Bh4 dxc4 10. Bxc4 Nb6 11. Bb3 Nbd5 12. Qe2 Nh7 13. Bg3 Ng5 14. Rfd1 Bb4 15. Rac1 Bxc3 16. bxc3 Ne4 17. Qd3 Nxg3 18. hxg3 Qe7 19. e4 Nc7 20. Bc2 g6 21. e5 b6 22. Nd2 Ba6 23. Qf3 Nd5 24. Ne4 Kg7 25. Bb3 Nc7 26. Qe3 Ne8 27. g4 Qh4 28. Qh3 Qe7 29. Qg3 g5 30. Qe3 Rc8 31. Ng3 Kh8 32. Nh5 Ng7 33. Nf6 Ne8 34. Qf3 Nxf6 35. exf6 Qd8 36. Bc2 Rg8 37. Kh2 Bc4 38. Rh1 Bd5 39. Kg1 Rg6 40. Qe3 Rxf6 41. Qxg5 Rg6 42. Rxh6+ Kg7 43. Rxg6+ fxg6 44. Qxg6+ Kf8 45. g5 Rc7 46. Qh6+ Rg7 47. g6 Qe7 48. Re1 Ke8 49. Re5 Kd7 50. Bb3 Kd6 51. c4 Bxc4 52. Bxc4 1-0

[Event "CZE-ch U16 Girls"]
[Site "Kouty nad Desnou"]
[Date "2015.03.07"]
[Round "1"]
[White "Koci, Tereza"]
[Black "Nova, Michaela"]
[Result "1-0"]
[WhiteElo "1591"]
[BlackElo "1916"]
[PlyCount "153"]
[EventDate "2015.03.07"]
[EventType "swiss"]
[EventRounds "9"]
[EventCountry "CZE"]
[SourceTitle "EXT 2017"]
[Source "ChessBase"]
[SourceDate "2016.10.25"]
[SourceVersion "1"]
[SourceVersionDate "2016.10.25"]
[SourceQuality "1"]

1. d4 Nf6 2. c4 g6 3. Nc3 Bg7 4. Nf3 0-0 5. e4 d6 6. Bg5 Nbd7 7. g3 h6 8. Be3 e5 9. dxe5 dxe5 10. Bg2 b6 11. 0-0 Bb7 12. Qc2 c6 13. h3 Qe7 14. Rab1 a5 15. a3 Ba6 16. Nd2 Qe6 17. Na4 Rfb8 18. Rfc1 c5 19. b4 axb4 20. axb4 cxb4 21. Rxb4 Bf8 22. Rb3 Bc8 23. Rbb1 Qc6 24. Nc3 Ba3 25. Rd1 Kg7 26. Nd5 b5 27. Qd3 bxc4 28. Qxc4 Qd6 29. Nf3 Ba6 30. Qc2 Rc8 31. Nxf6 Nxf6 32. Rxd6 Rxc2 33. Rdb6 Bd3 34. Re1 Bxe4 35. Nxe5 Bxg2 36. Kxg2 Bb2 37. Nd3 Bc3 38. Rc1 Rxc1 39. Nxc1 Nd5 40. Rd6 Nxe3+ 41. fxe3 Ra1 42. Ne2 Ra2 43. Kf3 Be5 44. Rd3 h5 45. Nf4 Kh6 46. Ne2 g5 47. Rd5 f6 48. g4 h4 49. Rd8 Ra1 50. Kg2 Re1 51. Rd2 Ra1 52. Rd3 Ra2 53. Kf3 Kg6 54. Rd8 Ra1 55. Kg2 Ra2 56. Kf3 Ra3 57. Rd7 f5 58. Rd5 fxg4+ 59. hxg4 Kf6 60. Rb5 h3 61. Rb6+ Kf7 62. Rh6 h2 63. Rh3 Ra1 64. Kg2 Ra2 65. Kf3 Ke6 66. Ng3 Bxg3 67. Kxg3 Ke5 68. Kf3 Kd5 69. Rh5 Kc4 70. Rh8 Kd3 71. Rd8+ Kc2 72. Rh8 Kd1 73. Rh3 Ke1 74. Kg3 Kf1 75. Rxh2 Rxh2 76. Kxh2 Kf2 77. e4 1-0

[Event "CZE-chT U20 Extraliga Ost 1415"]
[Site "Czech Republic"]
[Date "2015.01.24"]
[Round "7.6"]
[White "Nova, Michaela"]
[Black "Koci, Tereza"]
[Result "1-0"]
[WhiteElo "1706"]
[BlackElo "1593"]
[PlyCount "64"]
[EventDate "2014.10.11"]
[EventType "team-tourn"]
[EventRounds "11"]
[EventCountry "CZE"]
[SourceTitle "EXT 2021"]
[Source "ChessBase"]
[SourceDate "2020.10.23"]
[SourceVersion "1"]
[SourceVersionDate "2020.10.23"]
[SourceQuality "1"]
[WhiteTeam "Polabiny (U20)"]
[BlackTeam "Brno Lokomotiva (U20)"]
[WhiteTeamCountry "CZE"]
[BlackTeamCountry "CZE"]

1. d4 c5 2. e3 Nf6 3. Nf3 cxd4 4. exd4 d5 5. Bd3 Nc6 6. c3 g6 7. 0-0 Bg7 8. Qc2 0-0 9. Nbd2 Qc7 10. Re1 Re8 11. h3 b6 12. Nf1 a6 13. Be3 Bb7 14. Ng3 e5 15. dxe5 Nxe5 16. Nxe5 Rxe5 17. Bd4 Re6 18. Rxe6 fxe6 19. Re1 Re8 20. Be5 Qc6 21. Bf1 Rc8 22. Ne2 Re8 23. Nd4 Qd7 24. f3 Re7 25. Bd3 Kf7 26. Qe2 Qc8 27. Qe3 h6 28. Nc2 Qc5 29. Bd4 Qc6 30. Bxf6 Bxf6 31. Qxh6 Bg7 32. Qxg6+ Kf8 1-0